[Event "80th ARM-ch 1st League 2019"]
[Site "Yerevan"]
[Date "2019.08.29"]
[Round "11.6"]
[White "Gevorgyan, Albert"]
[Black "Mikaelyan, Arman"]
[Result "1/2-1/2"]
[WhiteElo "2175"]
[BlackElo "2454"]
[Annotator "ChessBase"]
[PlyCount "152"]
[EventDate "2019.08.18"]
[EventType "tourn"]
[EventCountry "ARM"]
[SourceTitle "playchess.com"]
[Source "ChessBase"]
[SourceQuality "1"]
[TimeControl "40/5400+30:1800+30"]

1. d4 {[%emt 0:00:15]} g6 {[%emt 0:00:00]} 2. e4 {[%emt 0:01:49]} Bg7 {[%emt 0:00:00]} 3. Nf3 {[%emt 0:00:12]} c5 {[%emt 0:01:30]} 4. c4 {[%emt 0:05:42]} cxd4 {[%emt 0:04:10]} 5. Nxd4 {[%emt 0:00:11]} Nc6 {[%emt 0:00:19]} 6. Be3 {[%emt 0:00:08]} Nf6 {[%emt 0:00:27]} 7. Nc3 {[%emt 0:00:15]} O-O {[%emt 0:00:30]} 8. Be2 {[%emt 0:00:15]} d6 {[%emt 0:00:25]} 9. O-O {[%emt 0:00:17]} Bd7 {[%emt 0:00:10]} 10. Nc2 {[%emt 0:00:50]} Qa5 {[%emt 0:03:26]} 11. Qd2 {[%emt 0:05:45]} Rfc8 {[%emt 0:02:51]} 12. f3 {[%emt 0:05:04]} a6 {[%emt 0:05:59]} 13. Rac1 {[%emt 0:07:29]} Be6 {[%emt 0:07:11]} 14. b3 {[%emt 0:12:13]} Rab8 {[%emt 0:16:12]} 15. b4 {[%emt 0:11:28]} Nxb4 {[%emt 0:13:06]} 16. Nd5 {[%emt 0:01:34]} Bxd5 {[%emt 0:02:12]} 17. exd5 {[%emt 0:10:59]} Nfxd5 {[%emt 0:00:51]} 18. cxd5 {[%emt 0:01:10]} Bc3 {[%emt 0:00:24]} 19. Qd1 {[%emt 0:04:36]} Nxd5 {[%emt 0:01:17]} 20. Bd4 {[%emt 0:18:07]} Qxa2 {[%emt 0:04:50]} 21. Qd3 {[%emt 0:02:54]} Bxd4+ {[%emt 0:08:10]} 22. Nxd4 {[%emt 0:00:09]} Nf4 {[%emt 0:00:05]} 23. Qe4 {[%emt 0:03:56]} e5 {[%emt 0:04:05]} 24. g3 {[%emt 0:00:26]} Nh3+ {[%emt 0:14:33]} 25. Kg2 {[%emt 0:02:32]} Rxc1 {[%emt 0:01:42]} 26. Rxc1 {[%emt 0:00:09]} Ng5 {[%emt 0:00:03]} 27. Qc2 {[%emt 0:01:37]} Qxc2 {[%emt 0:01:06]} 28. Nxc2 {[%emt 0:00:05]} Rc8 {[%emt 0:00:01]} 29. Bd1 {[%emt 0:00:12]} Rc3 {[%emt 0:03:06]} 30. Rb1 {[%emt 0:02:25]} Rd3 {[%emt 0:00:27]} 31. h4 {[%emt 0:02:10]} Ne6 {[%emt 0:00:43]} 32. Kf2 {[%emt 0:00:06]} Nc5 {[%emt 0:00:20]} 33. Nb4 {[%emt 0:00:56]} Rd4 {[%emt 0:00:32]} 34. Be2 {[%emt 0:00:30]} f5 {[%emt 0:01:41]} 35. Nd5 {[%emt 0:00:26]} Kf7 {[%emt 0:00:24]} 36. Nb6 {[%emt 0:00:32]} Ke7 {[%emt 0:02:04]} 37. Rb2 {[%emt 0:00:32]} Kd8 {[%emt 0:00:28]} 38. Ke3 {[%emt 0:00:32]} Kc7 {[%emt 0:00:49]} 39. Bc4 {[%emt 0:00:25]} Na4 {[%emt 0:01:32]} 40. Nxa4 {[%emt 0:00:00]} Rxc4 {[%emt 0:00:00]} 41. Nb6 {[%emt 0:01:27]} Rc3+ {[%emt 0:03:18]} 42. Ke2 {[%emt 0:02:26]} Kc6 {[%emt 0:00:14]} 43. Nc8 {[%emt 0:04:10]} d5 {[%emt 0:13:45]} 44. Ne7+ {[%emt 0:02:23]} Kd6 {[%emt 0:00:44]} 45. Rxb7 {[%emt 0:00:11]} e4 {[%emt 0:00:17]} 46. fxe4 {[%emt 0:10:30]} fxe4 {[%emt 0:02:17]} 47. g4 {[%emt 0:03:53]} d4 {[%emt 0:02:01]} 48. h5 {[%emt 0:01:54]} gxh5 {[%emt 0:05:30]} 49. Nf5+ {[%emt 0:05:02]} Ke5 {[%emt 0:00:37]} 50. Re7+ {[%emt 0:00:07]} Kf4 {[%emt 0:00:17]} 51. Nxd4 {[%emt 0:00:17]} hxg4 {[%emt 0:00:09]} 52. Kf2 {[%emt 0:00:17]} Rh3 {[%emt 0:01:53]} 53. Ne2+ {[%emt 0:00:38]} Kg5 {[%emt 0:00:03]} 54. Rxe4 {[%emt 0:00:23]} Rf3+ {[%emt 0:00:28]} 55. Kg2 {[%emt 0:00:46]} a5 {[%emt 0:01:26]} 56. Ng3 {[%emt 0:01:06]} Kh4 {[%emt 0:00:21]} 57. Nf1 {[%emt 0:02:59]} Ra3 {[%emt 0:00:24]} 58. Ne3 {[%emt 0:01:06]} h5 {[%emt 0:01:57]} 59. Kh2 {[%emt 0:00:29]} Kg5 {[%emt 0:00:42]} 60. Ng2 {[%emt 0:00:29]} Kf6 {[%emt 0:01:26]} 61. Rc4 {[%emt 0:00:30]} a4 {[%emt 0:02:26]} 62. Rc5 {[%emt 0:00:22]} Rh3+ {[%emt 0:00:45]} 63. Kg1 {[%emt 0:00:06]} a3 {[%emt 0:00:16]} 64. Ra5 {[%emt 0:00:40]} Rb3 {[%emt 0:00:45]} 65. Kf2 {[%emt 0:00:54]} Rf3+ {[%emt 0:01:10]} 66. Kg1 {[%emt 0:00:23]} g3 {[%emt 0:00:24]} 67. Nh4 {[%emt 0:00:21]} Rb3 {[%emt 0:00:44]} 68. Kg2 {[%emt 0:00:14]} Ke6 {[%emt 0:00:33]} 69. Nf3 {[%emt 0:01:00]} Kd6 {[%emt 0:00:24]} 70. Nd4 {[%emt 0:00:25]} Rb2+ {[%emt 0:00:37]} 71. Kxg3 {[%emt 0:00:05]} a2 {[%emt 0:00:06]} 72. Nb5+ {[%emt 0:00:30]} Kc5 {[%emt 0:01:08]} 73. Nc3+ {[%emt 0:00:05]} Kb4 {[%emt 0:00:08]} 74. Rxa2 {[%emt 0:00:06]} Kxc3 {[%emt 0:00:04]} 75. Rxb2 {[%emt 0:00:05]} h4+ {[%emt 0:00:04]} 76. Kxh4 {[%emt 0:00:03]} Kxb2 {[%emt 0:00:02]} 1/2-1/2

[Event "80th ARM-ch 1st League 2019"]
[Site "Yerevan"]
[Date "2019.08.29"]
[Round "11.7"]
[White "Torosyan, Norayr"]
[Black "Hoghmrtsyan, Artur"]
[Result "1-0"]
[WhiteElo "2365"]
[BlackElo "2317"]
[Annotator "NA"]
[PlyCount "123"]
[EventDate "2019.08.18"]
[EventType "tourn"]
[EventCountry "ARM"]
[SourceTitle "playchess.com"]
[Source "ChessBase"]
[SourceQuality "1"]
[TimeControl "40/5400+30:1800+30"]

1. e4 {[%emt 0:00:00]} e5 {[%emt 0:00:00]} 2. Nf3 {[%emt 0:00:03]} Nc6 {[%emt 0:00:00]} 3. d4 {[%emt 0:00:03]} exd4 {[%emt 0:00:00]} 4. Nxd4 {[%emt 0:00:01]} Bb4+ {[%emt 0:00:11]} 5. c3 {[%emt 0:00:05]} Bc5 {[%emt 0:00:04]} 6. Be3 {[%emt 0:00:04]} Bb6 {[%emt 0:00:05]} 7. Nf5 {[%emt 0:00:04]} g6 {[%emt 0:00:05] C45: Scotch Game} (7... Bxe3 8. Nxe3 d6 9. g3 Nge7 10. Bg2 O-O 11. O-O Kh8 12. Nd2 f5 13. f4 fxe4 14. Nxe4 Nf5 15. Re1 {1-0 (51) Matlakov,M (2700)-Postny,E (2615) St Petersburg 2018}) 8. Bxb6 {[%emt 0:00:04]} axb6 {[%emt 0:00:04]} 9. Ne3 {[%emt 0:00:03]} Nf6 {[%emt 0:00:07]} 10. f3 {[%emt 0:00:03]} Qe7 {[%emt 0:00:53]} 11. c4 {[%emt 0:00:37]} Qb4+ {[%emt 0:00:57]} 12. Qd2 {[%emt 0:00:20]} Qxd2+ {[%emt 0:00:10]} 13. Kxd2 {[%emt 0:00:04]} d6 {[%emt 0:00:43]} 14. Nc3 {[%emt 0:00:13]} Kd8 {[%emt 0:02:41]} 15. Be2 {[%emt 0:03:11]} h5 $146 {[%emt 0:03:27]} 16. h4 {[%emt 0:01:47]} Nd4 {[%emt 0:10:19]} 17. Rhd1 {[%emt 0:02:41]} Nd7 {[%emt 0:11:47]} 18. Bf1 {[%emt 0:00:56]} Re8 {[%emt 0:11:01]} 19. Nb5 {[%emt 0:01:09]} Ne6 {[%emt 0:01:44]} 20. Kc3 {[%emt 0:03:06]} Rf8 {[%emt 0:11:42]} 21. Bd3 {[%emt 0:05:33]} Ne5 {[%emt 0:02:56]} 22. Bc2 {[%emt 0:01:38]} Bd7 {[%emt 0:00:49]} 23. Nd5 {[%emt 0:01:37]} f5 {[%emt 0:18:40] [#]} ({Black should play} 23... Ra6 $14) 24. f4 {[%emt 0:10:20]} ({Better is} 24. exf5 $1 $16 gxf5 25. a4) 24... Ng4 $16 {[%emt 0:09:21]} (24... Nxc4 $11 {keeps the balance.} 25. Kxc4 Bxb5+ 26. Kxb5 c6+ 27. Kb4 cxd5) 25. exf5 {[%emt 0:11:54]} gxf5 {[%emt 0:00:09]} 26. Re1 {[%emt 0:07:41]} Ra6 {[%emt 0:02:20]} 27. Rxe6 {[%emt 0:02:31]} Bxe6 {[%emt 0:00:05]} 28. Ndxc7 {[%emt 0:00:04]} Kd7 {[%emt 0:03:11]} 29. Rd1 {[%emt 0:03:29]} d5 {[%emt 0:00:15]} 30. Nxe6 {[%emt 0:03:42]} Kxe6 {[%emt 0:02:11]} 31. Nc7+ {[%emt 0:00:04]} Kf6 {[%emt 0:00:20]} 32. Nxa6 {[%emt 0:00:24]} bxa6 {[%emt 0:00:02]} 33. Rxd5 {[%emt 0:00:37]} Ne3 {[%emt 0:00:09]} 34. Rd6+ {[%emt 0:01:05]} Ke7 {[%emt 0:00:23]} 35. Rxb6 {[%emt 0:02:53]} Nxg2 {[%emt 0:00:17]} 36. Kd4 {[%emt 0:02:07]} Nxh4 {[%emt 0:01:36]} 37. Rxa6 {[%emt 0:01:45]} Nf3+ {[%emt 0:03:35]} 38. Ke3 {[%emt 0:00:46]} Ne1 {[%emt 0:00:05]} 39. Bd1 {[%emt 0:00:50]} h4 {[%emt 0:01:03]} 40. Rh6 {[%emt 0:00:00]} Ng2+ {[%emt 0:00:00]} 41. Kf3 {[%emt 0:05:35]} Ne1+ {[%emt 0:01:44]} 42. Kf2 {[%emt 0:02:23]} Nd3+ {[%emt 0:00:05]} 43. Ke3 {[%emt 0:00:03]} Nxb2 {[%emt 0:00:33]} 44. Bb3 {[%emt 0:00:03]} Rd8 {[%emt 0:01:36]} 45. Rxh4 {[%emt 0:01:29]} Rd3+ {[%emt 0:01:41]} 46. Ke2 {[%emt 0:00:28]} Rd4 {[%emt 0:01:34]} 47. c5 {[%emt 0:04:03]} Kd7 {[%emt 0:07:58]} 48. Bc2 {[%emt 0:03:05]} Rd5 {[%emt 0:01:15]} 49. Rh5 {[%emt 0:00:24]} Rxc5 {[%emt 0:00:19]} 50. Bxf5+ {[%emt 0:00:16]} Ke7 {[%emt 0:00:06]} 51. Rh7+ {[%emt 0:08:17]} Kf6 {[%emt 0:04:34]} 52. Rh6+ {[%emt 0:00:04]} Kg7 {[%emt 0:00:50]} 53. Rg6+ {[%emt 0:00:05]} Kf7 {[%emt 0:00:25]} 54. Rg5 {[%emt 0:00:03]} Kf6 {[%emt 0:04:05]} 55. Bd3 {[%emt 0:00:04]} Rc3 {[%emt 0:04:13]} 56. Rg6+ {[%emt 0:18:05]} Ke7 {[%emt 0:01:59]} 57. Bb5 {[%emt 0:00:18]} Rc5 {[%emt 0:07:02]} 58. Rb6 {[%emt 0:01:48]} Rc3 {[%emt 0:00:45]} 59. f5 {[%emt 0:07:40]} Rc2+ {[%emt 0:02:29]} 60. Kf3 {[%emt 0:00:56]} Rc3+ {[%emt 0:01:57]} 61. Kf4 {[%emt 0:01:06]} Ra3 {[%emt 0:01:15]} 62. Ra6 {[%emt 0:01:33]} 1-0

[Event "80th ARM-ch 1st League 2019"]
[Site "Yerevan"]
[Date "2019.08.30"]
[Round "12.1"]
[White "Hoghmrtsyan, Artur"]
[Black "Davtyan, Artur"]
[Result "0-1"]
[WhiteElo "2317"]
[BlackElo "2440"]
[Annotator "NA"]
[PlyCount "92"]
[EventDate "2019.08.18"]
[EventType "tourn"]
[EventCountry "ARM"]
[SourceTitle "playchess.com"]
[Source "ChessBase"]
[SourceQuality "1"]
[TimeControl "40/5400+30:1800+30"]

1. d4 {[%emt 0:05:14]} Nf6 {[%emt 0:00:00]} 2. Nf3 {[%emt 0:00:05]} e6 {[%emt 0:00:00]} 3. g3 {[%emt 0:00:11]} b6 {[%emt 0:01:13]} 4. Bg2 {[%emt 0:00:20]} Bb7 {[%emt 0:00:09]} 5. c4 {[%emt 0:00:12]} Be7 {[%emt 0:00:40]} 6. O-O {[%emt 0:00:07]} O-O {[%emt 0:00:03]} 7. b3 {[%emt 0:00:47]} d5 {[%emt 0:01:06]} 8. cxd5 {[%emt 0:00:31]} exd5 {[%emt 0:01:48]} 9. Nc3 {[%emt 0:04:14]} Nbd7 {[%emt 0:01:38]} 10. Qc2 {[%emt 0:04:24]} Re8 {[%emt 0:01:07]} 11. Bf4 {[%emt 0:04:41]} c6 {[%emt 0:07:09]} 12. Rfd1 {[%emt 0:10:07]} Nf8 {[%emt 0:00:09]} 13. Ne5 {[%emt 0:02:21]} Ne6 {[%emt 0:00:43]} 14. Be3 {[%emt 0:06:10]} Bd6 $15 {[%emt 0:00:45]} 15. f4 {[%emt 0:14:23]} Qe7 {[%emt 0:02:49]} 16. Bf3 {[%emt 0:10:37]} Rac8 {[%emt 0:00:30]} 17. Na4 {[%emt 0:06:23]} c5 {[%emt 0:02:01]} 18. dxc5 {[%emt 0:01:27]} bxc5 {[%emt 0:09:20]} 19. Rac1 {[%emt 0:02:48]} d4 {[%emt 0:00:57]} 20. Nc4 {[%emt 0:05:17]} Bb8 {[%emt 0:07:19]} 21. Bd2 {[%emt 0:02:40]} Nd5 {[%emt 0:20:12]} 22. Rf1 {[%emt 0:00:41]} Rcd8 {[%emt 0:07:51]} 23. Na5 {[%emt 0:04:46]} Ba8 {[%emt 0:25:37]} 24. Qc4 {[%emt 0:02:20]} Bc7 {[%emt 0:00:50]} 25. Qa6 {[%emt 0:02:03]} Bb6 {[%emt 0:00:50]} 26. Nxb6 {[%emt 0:00:56]} axb6 {[%emt 0:00:17]} 27. Nc4 {[%emt 0:00:05]} Nec7 {[%emt 0:01:36]} 28. Qa3 {[%emt 0:02:01]} Nb5 {[%emt 0:01:16]} 29. Qb2 {[%emt 0:00:59]} Ndc3 {[%emt 0:00:01]} 30. Rce1 {[%emt 0:02:16]} Qf6 {[%emt 0:02:54]} 31. a4 {[%emt 0:01:17]} Bxf3 {[%emt 0:00:54]} 32. exf3 {[%emt 0:00:13]} Ne2+ {[%emt 0:00:35]} 33. Kg2 {[%emt 0:00:24]} Nbc3 {[%emt 0:00:29]} 34. Ne5 {[%emt 0:01:08]} Qf5 {[%emt 0:00:21]} 35. Rf2 {[%emt 0:02:05]} f6 {[%emt 0:00:17]} 36. Nc4 {[%emt 0:00:41]} Qg6 {[%emt 0:00:40]} 37. Kf1 {[%emt 0:02:00]} Qd3 {[%emt 0:00:21]} 38. Kg2 {[%emt 0:00:06]} Re6 {[%emt 0:00:09]} 39. Ra1 {[%emt 0:01:25]} Rde8 {[%emt 0:00:52]} 40. a5 {[%emt 0:00:00]} b5 {[%emt 0:00:00]} 41. Nb6 {[%emt 0:05:19]} Rd8 {[%emt 0:03:59]} 42. Kh1 {[%emt 0:10:50]} h5 {[%emt 0:00:33]} 43. Kg2 {[%emt 0:03:28]} Kf7 {[%emt 0:00:18]} 44. Qa3 {[%emt 0:03:24]} Qxd2 {[%emt 0:01:30]} 45. Qxc5 {[%emt 0:00:06]} Nd1 {[%emt 0:01:21]} 46. Rxd1 {[%emt 0:00:49]} Qxd1 {[%emt 0:00:08]} 0-1

[Event "80th ARM-ch 1st League 2019"]
[Site "Yerevan"]
[Date "2019.08.30"]
[Round "12.2"]
[White "Harutjunyan, Gevorg"]
[Black "Harutyunian, Tigran K."]
[Result "1/2-1/2"]
[WhiteElo "2455"]
[BlackElo "2555"]
[Annotator "ChessBase"]
[PlyCount "123"]
[EventDate "2019.08.18"]
[EventType "tourn"]
[EventCountry "ARM"]
[SourceTitle "playchess.com"]
[Source "ChessBase"]
[SourceQuality "1"]
[TimeControl "40/5400+30:1800+30"]

1. e4 {[%emt 0:00:00]} e5 {[%emt 0:01:51]} 2. Nf3 {[%emt 0:00:00]} Nc6 {[%emt 0:00:47]} 3. Nc3 {[%emt 0:00:00]} Nf6 {[%emt 0:01:11]} 4. Bb5 {[%emt 0:00:00]} Bc5 {[%emt 0:01:59]} 5. Nxe5 {[%emt 0:02:41]} Nxe5 {[%emt 0:03:46]} 6. d4 {[%emt 0:00:06]} a6 {[%emt 0:01:09]} 7. Be2 {[%emt 0:02:16]} Bd6 {[%emt 0:04:35]} 8. f4 {[%emt 0:02:11]} Nc6 {[%emt 0:02:15]} 9. e5 {[%emt 0:04:10]} Bb4 {[%emt 0:01:09]} 10. exf6 {[%emt 0:01:09]} Qxf6 {[%emt 0:01:28]} 11. Be3 {[%emt 0:01:59]} O-O {[%emt 0:02:12]} 12. O-O {[%emt 0:00:49]} Bxc3 {[%emt 0:02:27]} 13. bxc3 {[%emt 0:00:06]} d5 {[%emt 0:00:15]} 14. Bd3 {[%emt 0:10:57]} Re8 {[%emt 0:02:16]} 15. Qh5 {[%emt 0:04:12]} g6 {[%emt 0:03:47]} 16. Qf3 {[%emt 0:00:24]} Bf5 {[%emt 0:00:55]} 17. Rae1 {[%emt 0:01:02]} Qe6 {[%emt 0:14:13]} 18. Bd2 {[%emt 0:08:04]} Be4 {[%emt 0:09:05]} 19. f5 {[%emt 0:02:08]} gxf5 {[%emt 0:01:46]} 20. Bxe4 {[%emt 0:01:31]} fxe4 {[%emt 0:03:30]} 21. Qh5 {[%emt 0:07:02]} f6 {[%emt 0:07:43]} 22. Qh6 {[%emt 0:03:36]} f5 {[%emt 0:04:46]} 23. Qg5+ {[%emt 0:01:20]} Kh8 {[%emt 0:03:54]} 24. Rxf5 {[%emt 0:00:26]} Rg8 {[%emt 0:00:31]} 25. Qh5 {[%emt 0:02:47]} Raf8 {[%emt 0:04:21]} 26. Rxd5 {[%emt 0:08:38]} Qf6 {[%emt 0:01:14]} 27. Be3 {[%emt 0:01:46]} Ne7 {[%emt 0:11:21]} 28. Rd7 {[%emt 0:02:26]} Rg7 {[%emt 0:03:44]} 29. Qe5 {[%emt 0:12:57]} Qxe5 {[%emt 0:00:29]} 30. dxe5 {[%emt 0:00:05]} Ng6 {[%emt 0:00:04]} 31. Red1 {[%emt 0:09:12]} Nxe5 {[%emt 0:00:43]} 32. Rd8 {[%emt 0:00:34]} Rxd8 {[%emt 0:02:06]} 33. Rxd8+ {[%emt 0:00:04]} Rg8 {[%emt 0:00:03]} 34. Rd5 {[%emt 0:00:56]} Nc6 {[%emt 0:00:06]} 35. Rd7 {[%emt 0:01:45]} Re8 {[%emt 0:01:22]} 36. Rxc7 {[%emt 0:00:36]} Re7 {[%emt 0:00:09]} 37. Rc8+ {[%emt 0:02:34]} Kg7 {[%emt 0:00:02]} 38. Kf2 {[%emt 0:00:30]} Kf6 {[%emt 0:00:44]} 39. Rg8 {[%emt 0:02:15]} Ke6 {[%emt 0:01:43]} 40. Rg5 {[%emt 0:00:00]} Rf7+ {[%emt 0:00:00]} 41. Ke2 {[%emt 0:02:01]} Rf5 {[%emt 0:03:48]} 42. Rg4 {[%emt 0:00:47]} Ra5 {[%emt 0:07:36]} 43. Rxe4+ {[%emt 0:02:19]} Kd5 {[%emt 0:00:08]} 44. Rh4 {[%emt 0:03:29]} Rxa2 {[%emt 0:00:16]} 45. c4+ {[%emt 0:04:21]} Ke5 {[%emt 0:00:37]} 46. Bd2 {[%emt 0:06:10]} Rxc2 {[%emt 0:06:50]} 47. Kd3 {[%emt 0:00:26]} Ra2 {[%emt 0:00:03]} 48. Rxh7 {[%emt 0:02:34]} b5 {[%emt 0:00:04]} 49. cxb5 {[%emt 0:00:30]} axb5 {[%emt 0:00:15]} 50. Rh5+ {[%emt 0:02:52]} Ke6 {[%emt 0:00:13]} 51. Rxb5 {[%emt 0:02:43]} Ne5+ {[%emt 0:00:06]} 52. Kc3 {[%emt 0:00:32]} Ra3+ {[%emt 0:07:29]} 53. Kd4 {[%emt 0:03:35]} Rd3+ {[%emt 0:02:31]} 54. Ke4 {[%emt 0:00:10]} Rxd2 {[%emt 0:00:04]} 55. Rxe5+ {[%emt 0:00:37]} Kf6 {[%emt 0:00:04]} 56. Rf5+ {[%emt 0:01:12]} Kg6 {[%emt 0:00:13]} 57. Rf8 {[%emt 0:00:23]} Kg7 {[%emt 0:00:23]} 58. Rf3 {[%emt 0:00:13]} Rxg2 {[%emt 0:00:15]} 59. Rg3+ {[%emt 0:00:05]} Rxg3 {[%emt 0:00:05]} 60. hxg3 {[%emt 0:00:02]} Kg6 {[%emt 0:00:07]} 61. Kf4 {[%emt 0:00:02]} Kf6 {[%emt 0:00:07]} 62. Ke4 {Ke5+} 1/2-1/2

[Event "80th ARM-ch 1st League 2019"]
[Site "Yerevan"]
[Date "2019.08.30"]
[Round "12.3"]
[White "Gharibyan, Mamikon"]
[Black "Khojayan, Vardan"]
[Result "0-1"]
[WhiteElo "2365"]
[BlackElo "2236"]
[Annotator "NA"]
[PlyCount "80"]
[EventDate "2019.08.18"]
[EventType "tourn"]
[EventCountry "ARM"]
[SourceTitle "playchess.com"]
[Source "ChessBase"]
[SourceQuality "1"]
[TimeControl "40/5400+30:1800+30"]

1. d4 {[%emt 0:00:00]} Nf6 {[%emt 0:00:00]} 2. c4 {[%emt 0:00:00]} e6 {[%emt 0:00:00]} 3. Nf3 {[%emt 0:00:32]} c5 {[%emt 0:00:15]} 4. d5 {[%emt 0:00:38]} exd5 {[%emt 0:00:13]} 5. cxd5 {[%emt 0:00:06]} d6 {[%emt 0:00:04]} 6. Nc3 {[%emt 0:00:20]} g6 {[%emt 0:00:13]} 7. Nd2 {[%emt 0:01:17]} Nbd7 {[%emt 0:07:26]} 8. e4 {[%emt 0:00:54]} Bg7 {[%emt 0:00:41]} 9. Be2 {[%emt 0:01:23]} O-O {[%emt 0:00:08]} 10. O-O {[%emt 0:00:14]} Re8 {[%emt 0:04:50]} 11. h3 {[%emt 0:03:06]} a6 {[%emt 0:11:44]} 12. a4 $1 {[%emt 0:00:08]} Rb8 {[%emt 0:01:57]} 13. Qc2 {[%emt 0:04:24]} Nb6 $16 {[%emt 0:08:11]} (13... h6 $11 {keeps the balance.}) 14. a5 {[%emt 0:38:10]} Na8 {[%emt 0:01:16]} 15. Nc4 {[%emt 0:01:31]} b5 {[%emt 0:01:04]} 16. axb6 {[%emt 0:00:21]} Nxb6 {[%emt 0:00:05]} 17. Na5 {[%emt 0:00:19]} Qc7 {[%emt 0:01:11]} 18. Bf4 {[%emt 0:03:29]} Nfd7 {[%emt 0:02:22]} 19. Rfc1 {[%emt 0:03:02]} h6 {[%emt 0:08:15]} 20. Qd2 {[%emt 0:02:49]} g5 {[%emt 0:13:42]} 21. Bg3 {[%emt 0:00:52]} Ne5 {[%emt 0:01:02]} 22. f4 {[%emt 0:01:38]} gxf4 {[%emt 0:01:47]} 23. Bxf4 {[%emt 0:00:16]} Kh7 {[%emt 0:00:22]} 24. Rf1 {[%emt 0:12:09]} Nbd7 {[%emt 0:01:11]} 25. Rf2 {[%emt 0:13:20]} Rb4 {[%emt 0:00:55]} 26. Nc6 {[%emt 0:03:57]} Nxc6 {[%emt 0:00:53]} 27. dxc6 {[%emt 0:00:02]} Qxc6 {[%emt 0:00:26]} 28. Raf1 {[%emt 0:00:39]} Ne5 {[%emt 0:22:44]} 29. Bxe5 {[%emt 0:00:48]} Rxe5 {[%emt 0:00:10]} 30. Rxf7 {[%emt 0:00:29]} Be6 {[%emt 0:02:35]} 31. R7f2 {[%emt 0:03:10]} Rg5 {[%emt 0:01:37]} 32. Kh1 {[%emt 0:01:22]} Be5 {[%emt 0:01:58]} 33. Bd1 {[%emt 0:04:08]} Rb8 {[%emt 0:02:23]} 34. Qd3 {[%emt 0:00:42]} c4 {[%emt 0:00:36]} 35. Qc2 {[%emt 0:00:24]} Qc5 {[%emt 0:00:11]} 36. Qa4 {[%emt 0:00:40]} Rbg8 {[%emt 0:00:55]} 37. Nd5 {[%emt 0:00:32]} Bxh3 {[%emt 0:01:25]} 38. Rf7+ {[%emt 0:00:37]} Kh8 {[%emt 0:00:14]} 39. Bf3 {[%emt 0:00:29]} Bxg2+ {[%emt 0:00:12]} 40. Bxg2 {[%emt 0:00:00]} Rh5+ {[%emt 0:00:00]} 0-1

[Event "80th ARM-ch 1st League 2019"]
[Site "Yerevan"]
[Date "2019.08.30"]
[Round "12.4"]
[White "Hayrapetyan, Hovik"]
[Black "Sargsyan, Shant"]
[Result "1-0"]
[WhiteElo "2453"]
[BlackElo "2540"]
[Annotator "ChessBase"]
[PlyCount "111"]
[EventDate "2019.08.18"]
[EventType "tourn"]
[EventCountry "ARM"]
[SourceTitle "playchess.com"]
[Source "ChessBase"]
[SourceQuality "1"]
[TimeControl "40/5400+30:1800+30"]

1. Nf3 {[%emt 0:02:09]} d5 {[%emt 0:01:44]} 2. d4 {[%emt 0:00:46]} Nf6 {[%emt 0:00:49]} 3. c4 {[%emt 0:00:20]} e6 {[%emt 0:00:18]} 4. g3 {[%emt 0:01:05]} dxc4 {[%emt 0:03:11]} 5. Qa4+ {[%emt 0:05:05]} Nbd7 {[%emt 0:00:57]} 6. Bg2 {[%emt 0:04:56]} a6 {[%emt 0:00:21]} 7. Qxc4 {[%emt 0:01:03]} b5 {[%emt 0:00:27]} 8. Qc2 {[%emt 0:00:02]} Bb7 {[%emt 0:00:10]} 9. a4 {[%emt 0:06:09]} c5 {[%emt 0:02:39]} 10. dxc5 {[%emt 0:09:33]} Bxc5 {[%emt 0:01:33]} 11. axb5 {[%emt 0:01:25]} axb5 {[%emt 0:04:02]} 12. Rxa8 {[%emt 0:00:40]} Qxa8 {[%emt 0:00:48]} 13. Nbd2 {[%emt 0:04:27]} Ng4 {[%emt 0:07:20]} 14. O-O {[%emt 0:02:49]} Qa7 {[%emt 0:02:10]} 15. e3 {[%emt 0:01:30]} Bxe3 {[%emt 0:00:15]} 16. fxe3 {[%emt 0:02:24]} Nxe3 {[%emt 0:01:54]} 17. Qd3 {[%emt 0:00:24]} Nxf1+ {[%emt 0:01:41]} 18. Kxf1 {[%emt 0:00:05]} Nc5 {[%emt 0:09:51]} 19. Qd6 {[%emt 0:12:10]} b4 {[%emt 0:05:39]} 20. Ke1 {[%emt 0:11:16]} Bd5 {[%emt 0:04:58]} 21. Bf1 {[%emt 0:06:42]} f6 {[%emt 0:02:13]} 22. Bc4 {[%emt 0:01:48]} Rf8 {[%emt 0:20:57]} 23. Bxd5 {[%emt 0:03:03]} Nd3+ {[%emt 0:01:41]} 24. Kd1 {[%emt 0:00:24]} exd5 {[%emt 0:00:23]} 25. Qxd5 {[%emt 0:01:58]} Qd7 {[%emt 0:01:12]} 26. Qe4+ {[%emt 0:01:48]} Kf7 {[%emt 0:06:49]} 27. Qc4+ {[%emt 0:01:42]} Ke7 {[%emt 0:00:35]} 28. Nd4 {[%emt 0:01:09]} Ne5 {[%emt 0:01:44]} 29. Qxb4+ {[%emt 0:02:27]} Kf7 {[%emt 0:00:01]} 30. N4f3 {[%emt 0:02:53]} Re8 {[%emt 0:03:44]} 31. Nxe5+ {[%emt 0:00:27]} Rxe5 {[%emt 0:00:02]} 32. Qc4+ {[%emt 0:00:37]} Kg6 {[%emt 0:01:15]} 33. b4 {[%emt 0:01:40]} f5 {[%emt 0:05:21]} 34. Kc2 {[%emt 0:03:44]} Qa4+ {[%emt 0:00:50]} 35. Kb2 {[%emt 0:01:32]} h6 {[%emt 0:02:13]} 36. g4 {[%emt 0:02:15]} fxg4 {[%emt 0:03:11]} 37. Qxg4+ {[%emt 0:00:02]} Kh7 {[%emt 0:00:05]} 38. Nb3 {[%emt 0:00:25]} Qb5 {[%emt 0:01:50]} 39. Bd2 {[%emt 0:00:48]} Re2 {[%emt 0:00:29]} 40. Kc2 {[%emt 0:00:00]} Rxh2 {[%emt 0:00:00]} 41. Qe4+ {[%emt 0:07:55]} Kh8 {[%emt 0:01:55]} 42. Qd4 {[%emt 0:00:34]} Re2 {[%emt 0:08:10]} 43. Qd3 {[%emt 0:03:52]} Qc6+ {[%emt 0:01:37]} 44. Nc5 {[%emt 0:00:33]} Re5 {[%emt 0:00:32]} 45. Be3 {[%emt 0:06:11]} Rd5 {[%emt 0:01:46]} 46. Bd4 {[%emt 0:00:45]} h5 {[%emt 0:03:16]} 47. Kb3 {[%emt 0:04:24]} Rd6 {[%emt 0:02:02]} 48. Qe3 {[%emt 0:02:37]} Kh7 {[%emt 0:05:47]} 49. Qf4 {[%emt 0:01:37]} Qd5+ {[%emt 0:00:12]} 50. Kc3 {[%emt 0:00:02]} Rg6 {[%emt 0:00:14]} 51. b5 {[%emt 0:02:12]} Rg4 {[%emt 0:08:52]} 52. Qe5 {[%emt 0:00:39]} Qf3+ {[%emt 0:00:07]} 53. Kb4 {[%emt 0:01:11]} Rg6 {[%emt 0:02:53]} 54. Ne6 {[%emt 0:00:55]} Qa8 {[%emt 0:03:44]} 55. Qxh5+ {[%emt 0:00:29]} Rh6 {[%emt 0:00:10]} 56. Ng5+ {[%emt 0:00:04]} 1-0